000 00439nam a2200181Ia 4500
008 230524s9999 xx 000 0 und d
020 _a8188429414
082 _a5.74
_bCHO
100 _aS P Chowdhury
245 0 _aMicroprocessor and Peripherals
250 _a2ND
260 _aNEW DELHI
_bScitech
_c2005
300 _aXVII;497
500 _aQuantity Number: 4
650 _aComp-Sc
700 _a Sunetra Chowdhury
942 _cBK
999 _c16562
_d16562